000 01013cam a22001934a 4500
005 20250605164135.0
008 250528s ||||||||||||||||||||||||d
035 _a18753
020 _a195200993
040 _aGR-AtMCL
_bgre
_dGR-AtMCL
_eAACR2
245 1 _aWho Benefits from Government Expenditure? / A Case Study of Columbia
260 _bOxford University Press,
_c1979
300 _a188
520 _aGovernments can improve the distribution of income and also can eradicate extreme poverty by changing the composition and direction of their public expenditure. Foreword, Acknowledgements, Introduction and Summary, Background and Main Results, The Distribution of Income, The Distribution of Public Subsidies, The Distribution of Public Subsidies for Health, The Distribution of Consumption of Public Utility Services: Electricity and Piped Water and Sewerage, Statistical Appendix, References, Index.
700 1 _aSelowsky Marcelo
_95005
942 _cBK
999 _c4070
_d4070